Saladin and the fall of the kingdom of Jerusalem / (Record no. 27012)
[ view plain ]
| 000 -LEADER | |
|---|---|
| fixed length control field | 00965nam a2200277 a 4500 |
| 001 - CONTROL NUMBER | |
| control field | 27012 |
| 003 - CONTROL NUMBER IDENTIFIER | |
| rucl marc code | BD-RjUL |
| 005 - DATE AND TIME OF LATEST TRANSACTION | |
| control field | 20211209051111.0 |
| 008 - FIXED-LENGTH DATA ELEMENTS--GENERAL INFORMATION | |
| fixed length control field | 140324s1964 au abhj 001 0 eng d |
| 035 ## - SYSTEM CONTROL NUMBER | |
| System control number | (BD-RjUL)27083 |
| 040 ## - CATALOGING SOURCE | |
| Original cataloging agency | BD-RjUL |
| Language of cataloging | eng |
| Transcribing agency | BD-RjUL |
| Modifying agency | BD-RjUL |
| 041 ## - LANGUAGE CODE | |
| Language code of text/sound track or separate title | eng |
| 082 04 - DEWEY DECIMAL CLASSIFICATION NUMBER | |
| Author mark and year | LAS 1964 |
| Classification number | 962.020924 |
| 100 1# - MAIN ENTRY--PERSONAL NAME | |
| Personal name | Lane-Poole, Stanley, |
| Dates associated with a name | 1854-1931. |
| 9 (RLIN) | 80489 |
| 245 10 - TITLE STATEMENT | |
| Title | Saladin and the fall of the kingdom of Jerusalem / |
| Statement of responsibility, etc. | by Stanley Lane-Poole. |
| 260 ## - PUBLICATION, DISTRIBUTION, ETC. (IMPRINT) | |
| Place of publication, distribution, etc. | Beirut: |
| Name of publisher, distributor, etc. | Khayats, |
| Date of publication, distribution, etc. | 1964. |
| 300 ## - PHYSICAL DESCRIPTION | |
| Pagination | xxiv, 416 p. : |
| Illustrations | ill. ; |
| Size | 20 cm. |
| 500 ## - GENERAL NOTE | |
| General note | Includes index. |
| 600 00 - SUBJECT ADDED ENTRY--PERSONAL NAME | |
| Personal name | Saladin, |
| Titles and other words associated with a name | Sultan of Egypt and Syria, |
| Dates associated with a name | 1137-1193. |
| 651 #0 - SUBJECT ADDED ENTRY--GEOGRAPHIC NAME | |
| Geographic name | Egypt |
| General subdivision | Kings and rulers |
| Form subdivision | Biography. |
| 9 (RLIN) | 82986 |
| Geographic name | Syria |
| General subdivision | Kings and rulers |
| Form subdivision | Biography. |
| 9 (RLIN) | 82987 |
| Geographic name | Jerusalem |
| General subdivision | History |
| Chronological subdivision | Latin Kingdom, 1099-1244. |
| 9 (RLIN) | 76062 |
| Geographic name | Islamic Empire |
| General subdivision | History |
| Chronological subdivision | 750-1258. |
| 9 (RLIN) | 79222 |
| 830 #0 - SERIES ADDED ENTRY--UNIFORM TITLE | |
| Uniform title | Heroes of the nations |
| 942 ## - ADDED ENTRY ELEMENTS (KOHA) | |
| Source of classification or shelving scheme | Dewey Decimal Classification |
| Koha item type | Books |
| Lost status | Source of classification or shelving scheme | Damaged status | Not for loan | Collection code | Permanent Location | Current Location | Shelving location | Date acquired | Source of acquisition | Cost, normal purchase price | Total Checkouts | Full call number | Date last seen | Copy number | Koha item type |
|---|---|---|---|---|---|---|---|---|---|---|---|---|---|---|---|
| Dewey Decimal Classification | Non-fiction | Central Library, University of Rajshahi | Central Library, University of Rajshahi | Documentation Section | 13/01/1967 | Royal Book Co. | 22.00 | 962.020924 LAS 1964 | 24/03/2014 | C-2 | Books | ||||
| Dewey Decimal Classification | Added to bundle | Non-fiction | Central Library, University of Rajshahi | Central Library, University of Rajshahi | Reading Room | 13/01/1967 | Royal Book Co. | 22.50 | 962.020924 LAS 1964 | 24/03/2014 | C-1 | Books |